| 000 | 00772nam a22002417a 4500 | ||
|---|---|---|---|
| 001 | AUWbook033507 | ||
| 003 | BDCtgAUW | ||
| 005 | 20260428212010.0 | ||
| 008 | 260424b ja ||||| |||| 00| 0 jpn d | ||
| 020 | _a9784872176278 | ||
| 040 |
_aBDCtgAUW _cBDCtgAUW |
||
| 050 | 4 |
_a PL539 _b.Y27 2007 |
|
| 100 | 1 |
_aYamazaki, Tomoko. _eauthor _959454 |
|
| 245 | 1 | 0 |
_aJapanese graded readers : _blevel 4, vol. 1, part 5 / _cTomoko Yamazaki. |
| 260 |
_aJapan : _bAsk publishing, _c2007. |
||
| 300 |
_a21pages : _bpictures; _c22cm |
||
| 362 | _alevel 4, vol. 1, part 5. | ||
| 490 | 1 | _aJapanese graded readers. | |
| 650 | 4 |
_a Japanese language _xConversation and phrase books. |
|
| 830 | 0 |
_aJapanese graded readers. _991690 |
|
| 887 |
_28 _aPapia Akter |
||
| 942 |
_2lcc _cBK _n0 |
||
| 999 |
_c18684 _d18684 |
||
| 888 | _28 | ||